000 00646nam a2200205 i 4500
001 129559
003 ES-MaACL
005 20250812230726.0
007 t|
008 070626s1973 sp af |||| |dspa d
080 _a59(0:74)
080 _a74 Thompson, Ralph
100 1 _aThompson, Ralph.
_9110099
245 1 4 _aLos animales vistos por un gran artista
_b: colección de bocetos /
_cpor Ralph Thompson.
260 _aMadrid :
_bSelecciones del Reader's Digest,
_c[1973]
300 _a[46] p. :
_bprincipalmente il. ;
_c14 x 22 cm.
650 1 7 _aDibujo de animales
_2embne
_911866
852 _aES-MaACL
_jC-53631
999 _c129559
_d129559